Szczegóły MARC21

Słownik frazeologiczny języka polskiego. A/P /

003 -Nazwa inst., której nr kontr. jest w polu 001 [,]
    • @
    • Nazwa instytucji, której n kontrolny jest w polu 001
    • NUKAT
005 -DATA I CZAS OSTATNIEJ MODYFIKACJI [,]
    • @
    • pole kontrolne
    • 20241231102114.0
040 -Instytucja sporządzająca opis [ , ]
    • a
    • Instytucja, która sporządziła opis (NP)
    • GD U/AJ
    • b
    • Język katalogowania
    • pol
    • e
    • Zasady katalogowania
    • rda
    • c
    • Instytucja, która sporządziła rekord (NP)
    • GD U/AJ
    • d
    • Instytucja, która zmodyfikowała rekord (P)
    • GD U/AJ
    • d
    • Instytucja, która zmodyfikowała rekord (P)
    • GD U/ISSs
    • d
    • Instytucja, która zmodyfikowała rekord (P)
    • GL 001/FMM
942 -Rodzaj dokumentu [ , ]
    • c
    • Rodzaj dokumentu
    • Książka
100 -Hasło główne - nazwa osobowa [1, ]
    • a
    • Nazwa osobowa (NP)
    • Skorupka, Stanisław
    • d
    • Daty biograficzne (NP)
    • (1906-1988).
    • e
    • Rodzaj współpracy
    • Autor
    • 9
    • KHW
    • 9485
245 -Strefa tytułu i oznaczenia odpowiedzialności [1,0]
    • a
    • Tytuł
    • Słownik frazeologiczny języka polskiego. Find
    • p
    • Nazwa części (P)
    • A/P /
    • c
    • Pozostałe elementy strefy tytułu i oznaczenia odpowiedzialności (NP)
    • Stanisław Skorupka.
250 -Strefa wydania [ , ]
    • a
    • Oznaczenie wydania (NP)
    • Wydanie II.
260 -Strefa adresu wydawniczego [ , ]
    • a
    • Miejsce wydania (P)
    • Warszawa :
    • b
    • Nazwa wydawcy (P)
    • Wiedza Powszechna,
    • c
    • Data wydania (P)
    • 1974.
300 -Strefa opisu fizycznego [ , ]
    • a
    • Określenie formy książki i/lub objętość (NP)
    • 788 stron :
    • b
    • Oznaczenie ilustracji (NP)
    • errata ;
    • c
    • Format (NP)
    • 25 cm.
336 -Typ zawartości [ , ]
    • a
    • Termin opisujący typ zawartości
    • Tekst
    • b
    • Kod określający zawartość
    • txt
    • 2
    • Źródło (terminu i kodu)
    • rdacontent
337 -Typ mediów [ , ]
    • a
    • Tryb odtwarzania
    • Bez urządzenia pośredniczącego
    • b
    • Kod typu mediów
    • n
    • 2
    • Źródło (terminu i kodu)
    • rdamedia
338 -Typ/rodzaj nośnika [ , ]
    • a
    • Hasło opisujące typ nośnika
    • Wolumin
    • b
    • Kod typu nośnika
    • nc
    • 2
    • Źródło (terminu i kodu)
    • rdacarrier
080 -Uniwersalna Klasyfikacja Dziesiętna [ , ]
    • 2
    • Identyfikator wydania tablic
    • UDC-P058
    • 9
    • UKD
    • 6497
    • a
    • Symbol klasyfikacji
    • 811.162.1'373.7'374
    • b
    • Dopowiedzenie
    • Język polski. - Słowniki frazeologiczne.
650 -Hasło przedmiotowe [ ,7]
    • a
    • Hasło przedmiotowe
    • Język polski
    • x
    • Określnik rzeczowy
    • frazeologia
    • v
    • Określnik formalny
    • słowniki.
    • 2
    • Źródło terminu
    • kaba
    • 9
    • KHW
    • 367938
980 -Symbol UKD [ , ]
    • a
    • UKD
    • 811.162.1'373.7'374
710 -Hasło dodatkowe - nazwa ciała zbiorowego [2, ]
    • a
    • Nazwa ciała zbiorowego lub nazwa geograficzna jako pierwszy element (NP)
    • Państwowe Wydawnictwo Wiedza Powszechna.
    • e
    • Rodzaj współpracy
    • Wydawca
    • 4
    • Kod relacji
    • pbl
    • 9
    • KHW
    • 52062
Sygnatura Lokalizacja Uwagi nie widoczne w OPAC Status udost. Numer inwentarzowy
Z.13001BG[n]retrokonwersja-6Z.13001
Z.13001BG[n]retrokonwersja1Z.13005
 BG[n]retrokonwersja2Z.13003
Z.13001BG[n]retrokonwersja1Z.13002
Z.13001BG[n]retrokonwersja1Z.13165
Z.13001BG[n]retrokonwersja1Z.13166
Z.13001BG[n]retrokonwersja1Z.13167
Z.13001BG[n]retrokonwersja1Z.13168
Z.13001BG[n]retrokonwersja1Z.13169
Z.13001BG[n]retrokonwersja1Z.13170
 BG[n]retrokonwersja1Z.13171
Z.13001BG[n]retrokonwersja1Z.13172
Z.13001BG[n]retrokonwersja1Z.13173
Z.13001BG[n]retrokonwersja1Z.13174
POL. Słowniki frazeologiczne 01BM[n]retrokonwersja, depozyt BM1Z.13004